Principles of the solid state (Record no. 755098)

MARC details
000 -LEADER
fixed length control field 00387nam a2200157 4500
020 ## - INTERNATIONAL STANDARD BOOK NUMBER
ISBN 9789360748319
082 ## - DEWEY DECIMAL CLASSIFICATION NUMBER
Classification number 530.41
Item number KEE.P
084 ## - OTHER CLASSIFICATION NUMBER
Source of Number Colon Classification
100 ## - MAIN ENTRY--AUTHOR NAME
Personal name Keer,H V
245 ## - TITLE STATEMENT
Title Principles of the solid state
250 ## - EDITION STATEMENT
Edition statement 3rd.
260 ## - PUBLICATION, DISTRIBUTION, ETC. (IMPRINT)
Place of publication NewDelhi:
Name of publisher New Age International,
Year of publication 2025.
300 ## - PHYSICAL DESCRIPTION
Number of Pages 381p.
942 ## - ADDED ENTRY ELEMENTS (KOHA)
Source of classification or shelving scheme Dewey Decimal Classification
Koha item type Gift
Holdings
Withdrawn status Lost status Source of classification or shelving scheme Damaged status Not for loan Home Library Current Location Shelving location Date acquired Full call number Accession Number Price effective from Koha item type
    Dewey Decimal Classification     Campus Library Kariavattom Campus Library Kariavattom General Stacks 15/01/2026 530.41 KEE.P UCLG1047 14/01/2026 Gift